000
00231nam a2200097Ia 4500
008
170619s9999 xx 000 0 und d
100
_a
Mehta Neeraj
245
0
_a
Textbook of Engineering Physics (Part-II)
260
_b
PHI
260
_c
2009
546
_a
ENGLISH
999
_c
19855
_d
19855